| Registos Bibliográficos associados ao registo de autoridade |
|
Etiqueta de registo: 00254nam 2200025 450 001 2283800 003 http://id.bnportugal.gov.pt/bib/catbnp/2283800 010 ## $a978-989-36300-1-3 021 ## $aPT$b559200/26 100 ## $a20260407d2026 m y0pory01030103ba 101 0# $apor$dfre$deng 102 ## $aPT$aGW 105 ## $aa z 000yy 106 ## $ar 200 1# $aEntre a terra e o mar$emangais, plantas e ambientes costeiros da Guiné-Bissau$fBucar Indjai... [et al.]$gil. Catarina Costa$gfot. António da Silva... [et al.] 210 #9 $aLisboa$cAssociação para a Investigação e Desenvolvimento de Ciências ;$aBissau$cInstituto da Biodiversidade e das Áreas Protegidas Dr. Alfredo Simão da Silva,$dD.L. 2026 215 ## $a155 p.$cil.$d21 cm 701 #1 $aIndjai,$bBucar$4070$31789840 702 #1 $aCosta,$bCatarina,$f1992-$4440$31744086 702 #1 $95$aSilva,$bAntónio da$4600$31994915 801 #0 $aPT$bBN$gRPC 966 ## $lBN$mFGMON$x1 966 ## $lBN$mFGMON$x1 971 ## $cabrito$d20260407
|
|
|